000 00314nam a22001217a 4500
008 230619b xxu||||| |||| 00| 0 eng d
082 _a170
_bMUJ
100 _cNjoroge and G.A. Bennaars
245 _aSocial Education and Ethics
260 _aNairobi
_bGeneral Printers Ltd
_c1986
300 _a188p
942 _2ddc
_cBK
999 _c1181
_d1181